<?xml version="1.0" encoding="UTF-8"?>
<record
    xmlns:xsi="http://www.w3.org/2001/XMLSchema-instance"
    xsi:schemaLocation="http://www.loc.gov/MARC21/slim http://www.loc.gov/standards/marcxml/schema/MARC21slim.xsd"
    xmlns="http://www.loc.gov/MARC21/slim">

  <leader>00290nam a2200133Ia 4500</leader>
  <controlfield tag="008">191201s2012    xx            000 0 und d</controlfield>
  <datafield tag="100" ind1=" " ind2=" ">
    <subfield code="a">BERI,G.C</subfield>
  </datafield>
  <datafield tag="245" ind1=" " ind2="0">
    <subfield code="a">Business Statistics</subfield>
  </datafield>
  <datafield tag="250" ind1=" " ind2=" ">
    <subfield code="a">Rep</subfield>
  </datafield>
  <datafield tag="260" ind1=" " ind2=" ">
    <subfield code="a">N. delhi</subfield>
    <subfield code="b">TMH</subfield>
    <subfield code="c">2012</subfield>
  </datafield>
  <datafield tag="300" ind1=" " ind2=" ">
    <subfield code="a">802</subfield>
  </datafield>
  <datafield tag="650" ind1=" " ind2=" ">
    <subfield code="a">MBA</subfield>
  </datafield>
  <datafield tag="942" ind1=" " ind2=" ">
    <subfield code="2">ddc</subfield>
    <subfield code="c">BK</subfield>
    <subfield code="0">9</subfield>
  </datafield>
  <datafield tag="999" ind1=" " ind2=" ">
    <subfield code="c">5343</subfield>
    <subfield code="d">5343</subfield>
  </datafield>
  <datafield tag="952" ind1=" " ind2=" ">
    <subfield code="0">0</subfield>
    <subfield code="1">0</subfield>
    <subfield code="2">ddc</subfield>
    <subfield code="4">0</subfield>
    <subfield code="7">0</subfield>
    <subfield code="8">MBA</subfield>
    <subfield code="a">PIET</subfield>
    <subfield code="b">PIET</subfield>
    <subfield code="d">2012-07-11</subfield>
    <subfield code="e">IBH, New Delhi</subfield>
    <subfield code="g">499.00</subfield>
    <subfield code="k">4894</subfield>
    <subfield code="l">0</subfield>
    <subfield code="o">658.083 BEB</subfield>
    <subfield code="p">19968</subfield>
    <subfield code="r">2019-12-04 00:00:00</subfield>
    <subfield code="w">2012-07-04</subfield>
    <subfield code="y">BK</subfield>
  </datafield>
  <datafield tag="952" ind1=" " ind2=" ">
    <subfield code="0">0</subfield>
    <subfield code="1">0</subfield>
    <subfield code="2">ddc</subfield>
    <subfield code="4">0</subfield>
    <subfield code="7">0</subfield>
    <subfield code="8">MBA</subfield>
    <subfield code="a">PIET</subfield>
    <subfield code="b">PIET</subfield>
    <subfield code="d">2012-07-11</subfield>
    <subfield code="e">IBH, New Delhi</subfield>
    <subfield code="g">499.00</subfield>
    <subfield code="k">4894</subfield>
    <subfield code="l">0</subfield>
    <subfield code="o">658.083 BEB</subfield>
    <subfield code="p">19969</subfield>
    <subfield code="r">2019-12-04 00:00:00</subfield>
    <subfield code="w">2012-07-04</subfield>
    <subfield code="y">BK</subfield>
  </datafield>
  <datafield tag="952" ind1=" " ind2=" ">
    <subfield code="0">0</subfield>
    <subfield code="1">0</subfield>
    <subfield code="2">ddc</subfield>
    <subfield code="4">0</subfield>
    <subfield code="7">0</subfield>
    <subfield code="8">MBA</subfield>
    <subfield code="a">PIET</subfield>
    <subfield code="b">PIET</subfield>
    <subfield code="d">2012-07-11</subfield>
    <subfield code="e">IBH, New Delhi</subfield>
    <subfield code="g">499.00</subfield>
    <subfield code="k">4894</subfield>
    <subfield code="l">0</subfield>
    <subfield code="o">658.083 BEB</subfield>
    <subfield code="p">19970</subfield>
    <subfield code="r">2019-12-04 00:00:00</subfield>
    <subfield code="w">2012-07-04</subfield>
    <subfield code="y">BK</subfield>
  </datafield>
  <datafield tag="952" ind1=" " ind2=" ">
    <subfield code="0">0</subfield>
    <subfield code="1">0</subfield>
    <subfield code="2">ddc</subfield>
    <subfield code="4">0</subfield>
    <subfield code="7">0</subfield>
    <subfield code="8">MBA</subfield>
    <subfield code="a">PIET</subfield>
    <subfield code="b">PIET</subfield>
    <subfield code="d">2012-07-11</subfield>
    <subfield code="e">IBH, New Delhi</subfield>
    <subfield code="g">499.00</subfield>
    <subfield code="k">4894</subfield>
    <subfield code="l">4</subfield>
    <subfield code="o">658.083 BEB</subfield>
    <subfield code="p">19971</subfield>
    <subfield code="r">2025-01-17 00:00:00</subfield>
    <subfield code="s">2024-11-07</subfield>
    <subfield code="w">2012-07-04</subfield>
    <subfield code="y">BK</subfield>
  </datafield>
  <datafield tag="952" ind1=" " ind2=" ">
    <subfield code="0">0</subfield>
    <subfield code="1">0</subfield>
    <subfield code="2">ddc</subfield>
    <subfield code="4">0</subfield>
    <subfield code="7">0</subfield>
    <subfield code="8">MBA</subfield>
    <subfield code="a">PIET</subfield>
    <subfield code="b">PIET</subfield>
    <subfield code="d">2012-07-11</subfield>
    <subfield code="e">IBH, New Delhi</subfield>
    <subfield code="g">499.00</subfield>
    <subfield code="k">4894</subfield>
    <subfield code="l">0</subfield>
    <subfield code="o">658.083 BEB</subfield>
    <subfield code="p">19972</subfield>
    <subfield code="r">2019-12-04 00:00:00</subfield>
    <subfield code="w">2012-07-04</subfield>
    <subfield code="y">BK</subfield>
  </datafield>
  <datafield tag="952" ind1=" " ind2=" ">
    <subfield code="0">0</subfield>
    <subfield code="1">0</subfield>
    <subfield code="2">ddc</subfield>
    <subfield code="4">0</subfield>
    <subfield code="7">0</subfield>
    <subfield code="8">MBA</subfield>
    <subfield code="a">PIET</subfield>
    <subfield code="b">PIET</subfield>
    <subfield code="d">2012-07-11</subfield>
    <subfield code="e">IBH, New Delhi</subfield>
    <subfield code="g">499.00</subfield>
    <subfield code="k">4894</subfield>
    <subfield code="l">4</subfield>
    <subfield code="o">658.083 BEB</subfield>
    <subfield code="p">19973</subfield>
    <subfield code="r">2024-11-25 00:00:00</subfield>
    <subfield code="s">2024-11-08</subfield>
    <subfield code="w">2012-07-04</subfield>
    <subfield code="y">BK</subfield>
    <subfield code="z">.</subfield>
  </datafield>
  <datafield tag="952" ind1=" " ind2=" ">
    <subfield code="0">0</subfield>
    <subfield code="1">0</subfield>
    <subfield code="2">ddc</subfield>
    <subfield code="4">0</subfield>
    <subfield code="7">0</subfield>
    <subfield code="8">MBA</subfield>
    <subfield code="a">PIET</subfield>
    <subfield code="b">PIET</subfield>
    <subfield code="d">2012-07-11</subfield>
    <subfield code="e">IBH, New Delhi</subfield>
    <subfield code="g">499.00</subfield>
    <subfield code="k">4894</subfield>
    <subfield code="l">4</subfield>
    <subfield code="o">658.083 BEB</subfield>
    <subfield code="p">19974</subfield>
    <subfield code="r">2024-11-25 00:00:00</subfield>
    <subfield code="s">2024-11-08</subfield>
    <subfield code="w">2012-07-04</subfield>
    <subfield code="y">BK</subfield>
  </datafield>
</record>
